000 00584nam a2200205Ia 4500
001 ist/204-43804
003 IT-MiCISF
008 161014s9999||||xx |||||||||||||| ||und||
040 _aIT-MiCISF
_cIT-MiCISF
041 _ait
100 _aAA.VV.
245 0 _aPopolazione comunale per sesso, età e stato civile
_bAnni 2002-2005
250 _a1a ed.
260 _a Roma
_bIstat
_c2006
300 _app. 5-173
500 _aIstituto Nazionale di Statistica / situazione-demografica, territorio / documento
650 _apopolazione
942 _cBK
957 _71
999 _a43804
_bsi
_g1
_c208910
_d208910